| 000 | 00548nam a22001937a 4500 | ||
|---|---|---|---|
| 003 | PILC | ||
| 005 | 20150603132623.0 | ||
| 008 | 150603b xxu||||| |||| 00| 0 eng d | ||
| 020 | _a9789715132251 | ||
| 050 |
_aRT 85 _b.K95 2006 |
||
| 100 | _aKuan, Letty G. | ||
| 245 |
_aBioethics in nursing / _cLetty G. Kuan. |
||
| 250 | _a1st ed. | ||
| 260 |
_aManila : _bEducational Publishing House, _c2006. |
||
| 300 |
_axii, 126 pages ; _c23 cm. |
||
| 500 | _aIncludes bibliographical references. | ||
| 650 | _aEthics, Nursing. | ||
| 942 |
_2lcc _cBK _kLOC |
||
| 999 |
_c284593 _d284593 |
||